Hotel and restaurant guide India, 1990 / (Record no. 136011)

MARC details
000 -LEADER
fixed length control field 00709nam a22002177a 4500
005 - DATE AND TIME OF LATEST TRANSACTION
control field 20170124110253.0
010 ## - LIBRARY OF CONGRESS CONTROL NUMBER
LC control number A-410612
020 ## - INTERNATIONAL STANDARD BOOK NUMBER
Terms of availability 00.00
035 ## - SYSTEM CONTROL NUMBER
System control number A-410612
037 ## - SOURCE OF ACQUISITION
Source of stock number/acquisition Cen Lib/Ret
040 ## - CATALOGING SOURCE
Original cataloging agency DPL
Language of cataloging EN
082 ## - DEWEY DECIMAL CLASSIFICATION NUMBER
Classification number 910.202
Item number HOT
110 ## - MAIN ENTRY--CORPORATE NAME
Corporate name or jurisdiction name as entry element India.Federation of Hostel and Restaurant Associations
9 (RLIN) 100062
245 ## - TITLE STATEMENT
Title Hotel and restaurant guide India, 1990 /
260 ## - PUBLICATION, DISTRIBUTION, ETC. (IMPRINT)
Place of publication, distribution, etc New Delhi
Name of publisher, distributor, etc Federation of Hostel and Restaurant Association
270 ## - ADDRESS
Address 406/75-76, Manisha, Nehru Place
City New Delhi
Postal code 110019
300 ## - PHYSICAL DESCRIPTION
Extent Various paging. :
Dimensions 21cm(Hb)
Other physical details col. ill.
650 ## - SUBJECT ADDED ENTRY--TOPICAL TERM
Topical term or geographic name as entry element Hotel Management
9 (RLIN) 107474
650 ## - SUBJECT ADDED ENTRY--TOPICAL TERM
Topical term or geographic name as entry element Hotels--India
9 (RLIN) 17429
942 ## - ADDED ENTRY ELEMENTS (KOHA)
Source of classification or shelving scheme Dewey Decimal Classification
Koha item type English Books
Classification part 910.202
Call number suffix HOT
Holdings
Withdrawn status Lost status Damaged status Not for loan Collection code Home library Current library Date acquired Source of acquisition Cost, normal purchase price Total Checkouts Full call number Barcode Date last seen Copy number Cost, replacement price Price effective from Koha item type
      Not For Loan Reference Central Library Central Library 12/10/2015 Cen Lib/Ret 0.00   910.202 HOT A-410612 12/10/2015 1 0.00 12/10/2015 English Books

© Delhi Public Library
Hit Counter
free hit counter